All UCL Final Loser - Statistiken

Allgemein
  • Dieses Quiz wurde 93 mal gespielt
  • Das Durchschnittsergebnis liegt bei 54 aus 70
Antwortstatistiken
Hint Antwort % Korrekt
11/12 FC Bayern
100%
09/10 FC Bayern
100%
98/99 FC Bayern
100%
86/87 FC Bayern
100%
81/82 FC Bayern
100%
24/25 Inter Mailand
100%
22/23 Inter Mailand
100%
71/72 Inter Mailand
100%
66/67 Inter Mailand
100%
23/24 Borussia Dortmund
99%
12/13 Borussia Dortmund
99%
04/05 AC Milan
96%
94/95 AC Milan
96%
92/93 AC Milan
96%
57/58 AC Milan
96%
16/17 Juventus Turin
95%
14/15 Juventus Turin
95%
02/03 Juventus Turin
95%
97/98 Juventus Turin
95%
96/97 Juventus Turin
95%
82/83 Juventus Turin
95%
72/73 Juventus Turin
95%
19/20 Paris Saint-German
95%
93/94 FC Barcelona
94%
85/86 FC Barcelona
94%
60/61 FC Barcelona
94%
21/22 FC Liverpool
94%
17/18 FC Liverpool
94%
06/07 FC Liverpool
94%
84/85 FC Liverpool
94%
20/21 Manchester City
94%
56/57 AC Florenz
92%
07/08 FC Chelsea
92%
10/11 Manchester United
92%
08/09 Manchester United
92%
80/81 Real Madrid
90%
63/64 Real Madrid
90%
61/62 Real Madrid
90%
18/19 Tottenham Hotspur
85%
15/16 Atletico Madrid
84%
13/14 Atletico Madrid
84%
73/74 Atletico Madrid
84%
95/96 Ajax Amsterdam
81%
68/69 Ajax Amsterdam
81%
79/80 Hamburger Sv
81%
05/06 FC Arsenal
78%
90/91 Olympique Marseille
70%
01/02 Bayer 04 Leverkusen
66%
00/01 FC Valencia
63%
99/00 FC Valencia
63%
89/90 Benfica Lissabon
62%
87/88 Benfica Lissabon
62%
67/68 Benfica Lissabon
62%
64/65 Benfica Lissabon
62%
62/63 Benfica Lissabon
62%
83/84 AS Rom
61%
03/04 AS Monaco
53%
76/77 Borussia Mönchengladbach
48%
69/70 Celtic Glasgow
48%
59/60 Eintracht Frankfurt
44%
65/66 FK Partizan Belgrad
44%
88/89 Steaua Bukarest
33%
77/78 Club Brügge
25%
75/76 AS Saint-Étienne
24%
74/75 Leeds United
23%
70/71 Panathinaikos Athen
20%
58/59 Stade Reims
20%
55/56 Stade Reims
20%
78/79 Malmö FF
19%
91/92 Sampdoria Genua
16%
Keine übereinstimmenden Quizze gefunden
Verteilung der Resultate
Anzahl Personen mit jedem Resultat
Perzentil nach korrekt beantworteten Fragen
Ihre Resultats-Entwicklung
Sie haben dieses Quiz noch nicht gespielt